00463nam a2200145Ia 4500008004100000020001500041041000800056082001800064100002100082245012300103250000600226260003300232300001700265650003500282210716s1998 xx 000 0 und d a0256251967 aeng a658.4038 OBRJ aObrien, James A. aIntroduction to information systems: an internetworked enterprise perspective.bInternetworked enterprise perspective. a2 aNew YorkbMc Graw Hillc1998 axxi,591,I-22 aManagement Information Systems